| 000 | 00363nam a2200133Ia 4500 | ||
|---|---|---|---|
| 008 | 220217s9999||||xx |||||||||||||| ||und|| | ||
| 020 | _a81-203-0896-4 | ||
| 082 | _a005.13 NAN | ||
| 100 |
_aNance, Barry _93066 |
||
| 245 | 0 | _aNetwork programming in c | |
| 260 |
_aPrentice hall of india _bNew Delhi _c2002 |
||
| 300 | _b275 | ||
| 650 | _aPROGRAMMING LANGUAGE | ||
| 999 |
_c170777 _d170777 |
||